[Event "1MCRE_F"]
[Site "?"]
[Date "2001.??.??"]
[Round "?"]
[White "Doudera, Lubomir"]
[Black "Zpevakova, Katerina"]
[Result "1/2-1/2"]
[WhiteElo "2260"]
[BlackElo "2325"]
[PlyCount "58"]
[EventDate "2001.??.??"]
[EventType "corr"]

1. e4 c5 2. c3 Nf6 3. e5 Nd5 4. d4 cxd4 5. Nf3 Nc6 6. Bc4 Nb6 7. Bb3 g6 8. cxd4
Bg7 9. O-O O-O 10. Bf4 d6 11. exd6 exd6 12. h3 Na5 13. Nc3 Nxb3 14. Qxb3 Bf5
15. Rfe1 Qd7 16. a4 Rac8 17. Nb5 Be6 18. Qd1 Nc4 19. b3 a6 20. bxc4 axb5 21.
cxb5 Rc4 22. Rc1 Rfc8 23. Rxc4 Rxc4 24. Bg5 h6 25. Be3 Bd5 26. Nd2 Rb4 27. Qc2
Qf5 28. Qxf5 gxf5 29. Nb1 Bb3 1/2-1/2

[Event "1MCRE_F"]
[Site "?"]
[Date "2001.??.??"]
[Round "?"]
[White "Ryska, Jiri"]
[Black "Macka, Miroslav"]
[Result "0-1"]
[WhiteElo "2210"]
[BlackElo "2270"]
[PlyCount "78"]
[EventDate "2001.??.??"]
[EventType "corr"]

1. e4 c5 2. Nf3 d6 3. d4 cxd4 4. Nxd4 Nf6 5. Nc3 a6 6. Be2 e5 7. Nb3 Be7 8. O-O
O-O 9. Be3 Be6 10. Qd2 Nbd7 11. Rad1 Rc8 12. f3 Qc7 13. Bd3 b5 14. a3 Rfd8 15.
Nc1 Nc5 16. f4 Qb7 17. Bxc5 dxc5 18. fxe5 Ng4 19. h3 Nxe5 20. Qe3 c4 21. Be2
Rxd1 22. Rxd1 b4 23. axb4 Qxb4 24. Qg3 f6 25. Nd5 Bc5+ 26. Kh1 Bxd5 27. exd5
Qxb2 28. c3 Qc2 29. Rf1 Re8 30. h4 f5 31. Qf4 Qxc3 32. Qxf5 Qd4 33. Qh5 g6 34.
Qg5 Rf8 35. Rd1 Qe4 36. d6 Be3 37. Qe7 Rf4 38. Qe8+ Kg7 39. Qe7+ Rf7 0-1

[Event "1MCRE_F"]
[Site "?"]
[Date "2001.??.??"]
[Round "?"]
[White "Pytlik, Lesek"]
[Black "Alexa, Jaroslav"]
[Result "1/2-1/2"]
[WhiteElo "2260"]
[BlackElo "2380"]
[PlyCount "60"]
[EventDate "2001.??.??"]
[EventType "corr"]

1. d3 d5 2. Nf3 Nf6 3. g3 Nc6 4. Bg2 e5 5. O-O Bg4 6. h3 Bf5 7. Nbd2 Be7 8. g4
Bg6 9. Nh4 Qd7 10. c4 dxc4 11. Nxc4 Nd5 12. Nf3 Qe6 13. d4 e4 14. Nfe5 Nxe5 15.
Nxe5 O-O-O 16. f3 exf3 17. Rxf3 h5 18. g5 Be4 19. Rxf7 Bxg2 20. Kxg2 Bd6 21.
Qf1 Nb4 22. Bf4 Qd5+ 23. Kh2 Rhe8 24. e3 Nc6 25. Nxc6 bxc6 26. Bxd6 Qxd6+ 27.
Qf4 Rxe3 28. Rf1 g6 29. Kg2 Rd3 30. Qxd6 Rxd6 1/2-1/2

[Event "1MCRE_F"]
[Site "?"]
[Date "2001.??.??"]
[Round "?"]
[White "Bultman, Milan"]
[Black "Alexa, Jaroslav"]
[Result "0-1"]
[WhiteElo "2295"]
[BlackElo "2380"]
[PlyCount "50"]
[EventDate "2001.??.??"]
[EventType "corr"]

1. d4 d5 2. Nf3 Nf6 3. Bg5 Ne4 4. Bf4 c6 5. c3 Qb6 6. Qb3 Bf5 7. Qxb6 axb6 8.
Nh4 Be6 9. e3 Nd7 10. Nf3 f6 11. h3 g5 12. Bc7 Bf5 13. Be2 e5 14. dxe5 Rc8 15.
Bd6 Nxd6 16. exd6 Bxd6 17. Nd4 Bg6 18. O-O Nc5 19. a3 Ra8 20. Nd2 b5 21. Bg4
O-O 22. Bf5 Kf7 23. N2f3 Nd3 24. Rab1 Rfe8 25. Rfd1 Ne5 0-1

[Event "1MCRE_F"]
[Site "?"]
[Date "2001.??.??"]
[Round "?"]
[White "Macka, Miroslav"]
[Black "Bultman, Milan"]
[Result "1-0"]
[WhiteElo "2270"]
[BlackElo "2295"]
[PlyCount "59"]
[EventDate "2001.??.??"]
[EventType "corr"]

1. e4 c5 2. Nf3 d6 3. d4 cxd4 4. Nxd4 Nf6 5. Nc3 Nc6 6. Bg5 e6 7. Bb5 Bd7 8.
O-O Be7 9. Nf3 O-O 10. Bxf6 gxf6 11. a3 Kh8 12. Qd2 Rg8 13. Qe3 Qc7 14. Rfd1 a6
15. Ba4 b5 16. Bb3 Rg6 17. Ne2 Rag8 18. Ng3 Ne5 19. Nd4 Bf8 20. Qe2 f5 21. exf5
exf5 22. f4 Nc4 23. Bxc4 bxc4 24. Kh1 Bh6 25. Qf3 d5 26. Nh5 Qb6 27. Rab1 Bc8
28. b3 Qc7 29. Rd2 Bf8 30. b4 1-0

[Event "1MCRE_F"]
[Site "?"]
[Date "2001.??.??"]
[Round "?"]
[White "Macka, Miroslav"]
[Black "Doudera, Lubomir"]
[Result "0-1"]
[WhiteElo "2270"]
[BlackElo "2260"]
[PlyCount "86"]
[EventDate "2001.??.??"]
[EventType "corr"]

1. e4 d5 2. exd5 Qxd5 3. Nc3 Qa5 4. d4 Nf6 5. Nf3 Bg4 6. Be2 Nc6 7. h3 Bh5 8.
Bb5 O-O-O 9. Bxc6 bxc6 10. g4 Bg6 11. Ne5 Ne4 12. Qf3 Nxc3 13. Qxc3 Qxc3+ 14.
bxc3 c5 15. Be3 cxd4 16. cxd4 e6 17. Ke2 Bd6 18. Nc6 Rdf8 19. Nxa7+ Kd7 20. Nb5
Bxc2 21. Nxd6 cxd6 22. Rhc1 Ba4 23. d5 exd5 24. Rcb1 Rb8 25. Kd2 Rhc8 26. Rxb8
Rxb8 27. Bd4 g6 28. g5 Rb4 29. Ke3 Bb5 30. f3 Ke6 31. h4 Kf5 32. Rc1 Ra4 33.
Rc7 Ra3+ 34. Kf2 Rxa2+ 35. Kg3 Ke6 36. Rc1 Be2 37. Rc7 Rd2 38. Bf6 d4 39. Re7+
Kd5 40. Rxf7 Bc4 41. Ra7 d3 42. Ra5+ Kc6 43. Ra1 Kc5 0-1

[Event "1MCRE_F"]
[Site "?"]
[Date "2001.??.??"]
[Round "?"]
[White "Bultman, Milan"]
[Black "Pfeifer, Miroslav"]
[Result "0-1"]
[WhiteElo "2295"]
[BlackElo "2310"]
[PlyCount "62"]
[EventDate "2001.??.??"]
[EventType "corr"]

1. d4 d5 2. Nf3 Nf6 3. Bg5 Nbd7 4. Nc3 g6 5. e3 Bg7 6. Bd3 O-O 7. O-O c5 8. Re1
b6 9. e4 dxe4 10. Nxe4 Bb7 11. dxc5 Nxc5 12. Nxc5 bxc5 13. Qe2 Qb6 14. Ne5 Qc7
15. Rad1 e6 16. h3 Rfd8 17. a3 Rd5 18. c4 Rd4 19. Nf3 Rd7 20. b4 Rad8 21. Ne5
Rd6 22. Qe3 cxb4 23. axb4 Rd4 24. Nf3 Bxf3 25. Qxf3 Qd6 26. Bxf6 Bxf6 27. Qxf6
Rxd3 28. Rxd3 Qxd3 29. b5 Rd7 30. Qf4 Qc3 31. Rb1 e5 0-1

[Event "1MCRE_F"]
[Site "?"]
[Date "2001.??.??"]
[Round "121"]
[White "Lounek, Jan"]
[Black "Macka, Miroslav"]
[Result "1-0"]
[WhiteElo "2245"]
[BlackElo "2270"]
[PlyCount "103"]
[EventDate "2001.??.??"]
[EventType "corr"]

1. e4 c5 2. Nf3 e6 3. d4 cxd4 4. Nxd4 Nf6 5. Nc3 d6 6. Be2 a6 7. O-O Be7 8. f4
O-O 9. Be3 Qc7 10. g4 Nfd7 11. g5 Nc6 12. f5 Qb6 13. f6 gxf6 14. Qd2 Qd8 15.
gxf6 Bxf6 16. Nxc6 bxc6 17. Qxd6 Be5 18. Qd2 Kh8 19. Kh1 Rb8 20. Rab1 Qh4 21.
Bf4 c5 22. Bxe5+ Nxe5 23. Qd6 Nd7 24. b3 Rb6 25. Qd2 f5 26. Rbe1 e5 27. Bf3 f4
28. Rg1 Rh6 29. Re2 Rg6 30. Rxg6 hxg6 31. Rg2 Kh7 32. Rg4 Qd8 33. Qf2 Nf6 34.
Rg2 Qd6 35. Na4 Nd7 36. Nb2 Qe7 37. Nc4 Bb7 38. Rg1 Kg7 39. Qg2 Rf6 40. Qg5 Bc6
41. a4 Kf7 42. Qh6 Re6 43. Rg5 Qf8 44. Qh3 Ke7 45. Kg1 Qf6 46. Rg2 Nf8 47. Rd2
Qg5+ 48. Kf1 Ke8 49. Bg4 Rf6 50. Qf3 Ne6 51. c3 Nf8 52. Rg2 1-0

[Event "1MCRE_F"]
[Site "?"]
[Date "2001.??.??"]
[Round "?"]
[White "Zpevakova, Katerina"]
[Black "Bultman, Milan"]
[Result "1-0"]
[WhiteElo "2325"]
[BlackElo "2295"]
[PlyCount "51"]
[EventDate "2001.??.??"]
[EventType "corr"]

1. d4 Nf6 2. c4 g6 3. Nc3 Bg7 4. e4 d6 5. Nf3 O-O 6. Be2 c5 7. O-O cxd4 8. Nxd4
Nc6 9. Be3 Nxd4 10. Bxd4 b6 11. Qd2 Bb7 12. f3 Rc8 13. Rac1 Ne8 14. Be3 Nf6 15.
Rfd1 Ne8 16. Nb5 a6 17. Nc3 Nf6 18. b3 Re8 19. Bf1 Nd7 20. Nd5 e6 21. Nc3 Bf8
22. Bf4 Ne5 23. Na4 f6 24. Qf2 Rc6 25. b4 Nd7 26. Rb1 1-0

[Event "1MCRE_F"]
[Site "?"]
[Date "2001.??.??"]
[Round "?"]
[White "Nemec, Jaroslav"]
[Black "Bultman, Milan"]
[Result "1-0"]
[WhiteElo "2340"]
[BlackElo "2295"]
[PlyCount "36"]
[EventDate "2001.??.??"]
[EventType "corr"]

1. d4 d5 2. Bg5 h6 3. Bf4 Nf6 4. e3 e6 5. c4 c5 6. Nc3 cxd4 7. exd4 Be7 8. Nf3
dxc4 9. Bxc4 O-O 10. O-O Nc6 11. Re1 b6 12. Bb3 Na5 13. Bc2 Ba6 14. Ne5 Nc4 15.
Qc1 Qxd4 16. Nc6 Qc5 17. Nxe7+ Qxe7 18. Bxh6 Ng4 1-0

[Event "1MCRE_F"]
[Site "?"]
[Date "2001.??.??"]
[Round "?"]
[White "Bures, Jilji"]
[Black "Doudera, Lubomir"]
[Result "1-0"]
[WhiteElo "2285"]
[BlackElo "2260"]
[PlyCount "83"]
[EventDate "2001.??.??"]
[EventType "corr"]

1. e4 d5 2. exd5 Qxd5 3. Nc3 Qa5 4. d4 Nf6 5. Nf3 Bg4 6. h3 Bh5 7. g4 Bg6 8.
Ne5 e6 9. Bg2 c6 10. h4 Bb4 11. Bd2 Qb6 12. a3 Be7 13. Bc1 h6 14. Nxg6 fxg6 15.
Qd3 Kf7 16. g5 hxg5 17. hxg5 Rxh1+ 18. Bxh1 Nfd7 19. Be4 Nf8 20. Bf4 Na6 21.
O-O-O Rd8 22. Ne2 Nc7 23. Rh1 c5 24. dxc5 Qxc5 25. Qg3 Nd5 26. Be5 Bd6 27. Qf3+
Kg8 28. Bd4 Qa5 29. Qh3 Kf7 30. Kb1 Rd7 31. Qg4 Ne7 32. Bxb7 Bxa3 33. Qf3+ Kg8
34. Bxg7 Nf5 35. Bxf8 Bxf8 36. Bc8 Rd6 37. Nf4 Nd4 38. Qh3 Bg7 39. Bxe6+ Nxe6
40. Nxe6 Kf7 41. Nxg7 Qd8 42. Qf3+ 1-0

[Event "1MCRE_F"]
[Site "?"]
[Date "2001.??.??"]
[Round "?"]
[White "Nemec, Jaroslav"]
[Black "Doudera, Lubomir"]
[Result "1-0"]
[WhiteElo "2340"]
[BlackElo "2260"]
[PlyCount "60"]
[EventDate "2001.??.??"]
[EventType "corr"]

1. e4 d5 2. exd5 Qxd5 3. Nc3 Qa5 4. d4 Nf6 5. Nf3 Bg4 6. h3 Bh5 7. g4 Bg6 8.
Ne5 e6 9. Bd2 Nbd7 10. Nxg6 hxg6 11. g5 Nh7 12. h4 Bb4 13. Bg2 c6 14. Ne4 Qb6
15. a3 Be7 16. Bc3 Qb5 17. Qd2 Nb6 18. Bb4 Rd8 19. b3 a5 20. Bxe7 Kxe7 21. a4
Qa6 22. Qc3 Nc8 23. h5 gxh5 24. Rxh5 g6 25. Qc5+ Nd6 26. Nxd6 Rxd6 27. Rh4 Qa8
28. Ke2 b6 29. Qe5 Qg8 30. Rah1 c5 1-0

[Event "1MCRE_F"]
[Site "?"]
[Date "2001.??.??"]
[Round "?"]
[White "Bultman, Milan"]
[Black "Doudera, Lubomir"]
[Result "0-1"]
[WhiteElo "2295"]
[BlackElo "2260"]
[PlyCount "44"]
[EventDate "2001.??.??"]
[EventType "corr"]

1. d4 d5 2. Nf3 Nf6 3. Bg5 Ne4 4. Bf4 c5 5. dxc5 Nc6 6. c3 Nxc5 7. Nbd2 f6 8.
Bg3 e5 9. b4 Ne6 10. e3 Be7 11. a3 Nc7 12. Qb3 Be6 13. c4 a6 14. Rd1 Qd7 15.
cxd5 Nxd5 16. Nb1 b5 17. e4 Nb6 18. Rxd7 Bxb3 19. Rc7 Rc8 20. Rxc8+ Nxc8 21.
Bd3 Nd6 22. Ke2 O-O 0-1

[Event "1MCRE_F"]
[Site "?"]
[Date "2001.??.??"]
[Round "?"]
[White "Pytlik, Lesek"]
[Black "Bultman, Milan"]
[Result "1-0"]
[WhiteElo "2260"]
[BlackElo "2295"]
[PlyCount "47"]
[EventDate "2001.??.??"]
[EventType "corr"]

1. d3 d5 2. Nf3 Nf6 3. g3 c5 4. Bg2 Nc6 5. O-O e5 6. Nc3 d4 7. Nb5 Be7 8. e4
O-O 9. Nh4 Re8 10. Nf5 Bxf5 11. exf5 Qd7 12. g4 g6 13. Na3 a6 14. Nb1 b5 15. a4
Rac8 16. Na3 Nb4 17. axb5 axb5 18. Re1 Bf8 19. h4 c4 20. dxc4 bxc4 21. g5 Nfd5
22. Be4 c3 23. b3 Ra8 24. Qf3 1-0

[Event "1MCRE_F"]
[Site "?"]
[Date "2001.??.??"]
[Round "?"]
[White "Vrkoc, David"]
[Black "Bultman, Milan"]
[Result "1-0"]
[WhiteElo "2335"]
[BlackElo "2295"]
[PlyCount "49"]
[EventDate "2001.??.??"]
[EventType "corr"]

1. c4 e5 2. g3 c6 3. Nf3 e4 4. Nd4 d5 5. cxd5 Qxd5 6. e3 Nf6 7. Nc3 Qa5 8. Qc2
Be7 9. Nxe4 O-O 10. Bg2 Na6 11. a3 Nb4 12. Qb1 Nbd5 13. O-O Nxe4 14. Qxe4 Qd8
15. b4 Re8 16. Qc2 Bf6 17. Bb2 Bg4 18. h3 Bd7 19. Rfc1 Rc8 20. Rab1 b6 21. Qc4
Ne7 22. Qa6 Bxd4 23. Bxd4 Bf5 24. Rb3 Qd7 25. Kh2 1-0

[Event "1MCRE_F"]
[Site "?"]
[Date "2001.??.??"]
[Round "?"]
[White "Doudera, Lubomir"]
[Black "Vrkoc, David"]
[Result "0-1"]
[WhiteElo "2260"]
[BlackElo "2335"]
[PlyCount "53"]
[EventDate "2001.??.??"]
[EventType "corr"]

1. e4 c5 2. c3 d5 3. exd5 Qxd5 4. d4 Nf6 5. Nf3 Bg4 6. Be2 e6 7. h3 Bh5 8. Be3
cxd4 9. cxd4 Nc6 10. Nc3 Qd6 11. O-O Be7 12. Qb3 O-O 13. Rfd1 Rfd8 14. a3 a6
15. Rac1 h6 16. d5 exd5 17. Nxd5 Nxd5 18. Rc5 Nd4 19. Bxd4 Nf4 20. Rxh5 Qg6 21.
g4 Nxe2+ 22. Kf1 Nxd4 23. Rxd4 Rxd4 24. Nxd4 Qb1+ 25. Kg2 Qe4+ 26. Nf3 Bg5 27.
Kh2 0-1

[Event "1MCRE_F"]
[Site "?"]
[Date "2001.??.??"]
[Round "?"]
[White "Pfeifer, Miroslav"]
[Black "Geryk, Miroslav"]
[Result "1-0"]
[WhiteElo "2310"]
[BlackElo "2225"]
[PlyCount "56"]
[EventDate "2001.??.??"]
[EventType "corr"]

1. e4 c5 2. f4 d5 3. exd5 Qxd5 4. Nc3 Qd8 5. Nf3 Nc6 6. Bb5 Bd7 7. O-O e6 8.
Ne5 Rc8 9. Qe2 Nge7 10. Ne4 Nf5 11. c3 Nxe5 12. fxe5 Be7 13. Bc4 O-O 14. d3 b5
15. Bb3 Bc6 16. Bf4 Qb6 17. Bc2 b4 18. Kh1 Rcd8 19. Rad1 a5 20. Bc1 a4 21. Qg4
b3 22. axb3 axb3 23. Bb1 Ra8 24. d4 cxd4 25. cxd4 g6 26. Nf6+ Bxf6 27. exf6
Rfd8 28. Qh3 Rxd4 1-0

[Event "1MCRE_F"]
[Site "?"]
[Date "2001.??.??"]
[Round "?"]
[White "Makovsky, Petr"]
[Black "Pytlik, Lesek"]
[Result "1-0"]
[WhiteElo "2295"]
[BlackElo "2260"]
[PlyCount "87"]
[EventDate "2001.??.??"]
[EventType "corr"]

1. e4 d5 2. exd5 Nf6 3. d4 Nxd5 4. Nf3 g6 5. Be2 Bg7 6. O-O O-O 7. Re1 c6 8.
Na3 Qc7 9. c3 Nd7 10. Nc4 c5 11. Bg5 N7f6 12. Nce5 Rd8 13. Bc4 h6 14. Bh4 e6
15. Qb3 g5 16. Bg3 Nh5 17. dxc5 Nxg3 18. hxg3 Qxc5 19. Rad1 b6 20. Bxd5 Rxd5
21. Rxd5 exd5 22. Nd4 Be6 23. Qa4 Qd6 24. Qc6 Qxc6 25. Nexc6 Bxd4 26. Nxd4 Re8
27. f3 Kh8 28. Kf2 Bd7 29. Rh1 Kg7 30. Nc2 Rc8 31. g4 a5 32. Ke2 a4 33. Ne3 Rc5
34. Kd3 Ra5 35. Kd4 Be6 36. b3 f6 37. b4 Ra8 38. Nxd5 Rd8 39. c4 b5 40. Kc5
bxc4 41. Nc3 Rd2 42. b5 Rxg2 43. Kd6 Rd2+ 44. Kxe6 1-0

[Event "1MCRE_F"]
[Site "?"]
[Date "2001.??.??"]
[Round "?"]
[White "Pfeifer, Miroslav"]
[Black "Gubas, Jan"]
[Result "0-1"]
[WhiteElo "2310"]
[BlackElo "2250"]
[PlyCount "102"]
[EventDate "2001.??.??"]
[EventType "corr"]

1. e4 e6 2. d4 d5 3. Nc3 Bb4 4. a3 Bxc3+ 5. bxc3 dxe4 6. f3 Bd7 7. Nh3 Bc6 8.
fxe4 Bxe4 9. Ng5 Bc6 10. Qh5 Qe7 11. Qh3 Nd7 12. Bd3 Ngf6 13. O-O h6 14. a4
O-O-O 15. Ba3 Qe8 16. Nf3 Nd5 17. c4 Nf4 18. Qg3 g5 19. a5 f5 20. Rfe1 Nxd3 21.
cxd3 Qg6 22. Qf2 a6 23. Bb2 Rhf8 24. Rab1 f4 25. Ba3 Rg8 26. Nd2 Qf5 27. Ne4 g4
28. Bd6 g3 29. hxg3 fxg3 30. Bxg3 Qxa5 31. Qe3 Rg4 32. Ra1 Qf5 33. Ra2 Qg6 34.
Bh2 Nf6 35. d5 exd5 36. Nxf6 Qxf6 37. Rf2 d4 38. Qh3 Qg7 39. Be5 Qg6 40. Rf4
Rg8 41. Rxg4 Qxg4 42. Qxg4+ Rxg4 43. g3 h5 44. Kf2 b6 45. Bf4 h4 46. Re7 hxg3+
47. Bxg3 Bd7 48. Kf3 c5 49. Be5 Rg6 50. Rf7 a5 51. Ke4 a4 0-1

[Event "1MCRE_F"]
[Site "?"]
[Date "2001.??.??"]
[Round "?"]
[White "Vrkoc, David"]
[Black "Macka, Miroslav"]
[Result "1-0"]
[WhiteElo "2335"]
[BlackElo "2270"]
[PlyCount "57"]
[EventDate "2001.??.??"]
[EventType "corr"]

1. c4 Nf6 2. g3 g6 3. Bg2 Bg7 4. Nc3 O-O 5. e4 c5 6. Nge2 Nc6 7. O-O d6 8. d3
a6 9. f4 Rb8 10. h3 Bd7 11. Be3 b5 12. Qd2 b4 13. Nd5 Nxd5 14. cxd5 Na5 15. f5
gxf5 16. exf5 Re8 17. Rae1 Kh8 18. g4 Rg8 19. b3 Bf6 20. g5 Bg7 21. h4 Qc8 22.
Be4 Bb5 23. Kh2 Be5+ 24. Bf4 Rb6 25. h5 Qf8 26. Rf3 h6 27. g6 Bg7 28. Rg1 f6
29. Ng3 1-0

[Event "1MCRE_F"]
[Site "?"]
[Date "2001.??.??"]
[Round "?"]
[White "Priesol, Daniel"]
[Black "Pytlik, Lesek"]
[Result "1/2-1/2"]
[WhiteElo "2285"]
[BlackElo "2260"]
[PlyCount "75"]
[EventDate "2001.??.??"]
[EventType "corr"]

1. e4 d5 2. exd5 Nf6 3. c4 e6 4. dxe6 Bxe6 5. Nf3 Nc6 6. d4 Bb4+ 7. Nc3 Qe7 8.
Be3 O-O-O 9. Bd3 Bg4 10. O-O Kb8 11. Re1 Bxf3 12. Qxf3 Rhe8 13. Bf1 Qd7 14. a3
Bf8 15. Ne2 Ng4 16. Bf4 h6 17. Rad1 g5 18. Bxc7+ Kxc7 19. h3 Bg7 20. hxg4 Nxd4
21. Nxd4 Bxd4 22. b4 Rxe1 23. Rxe1 Kb8 24. g3 a6 25. c5 f6 26. Bg2 Be5 27. a4
Qc6 28. Qb3 Qd7 29. b5 axb5 30. Qb4 Qd3 31. axb5 Bc3 32. Qe4 Qxe4 33. Rxe4 Bd4
34. Re7 Bxc5 35. Rxb7+ Kc8 36. Rf7 Rd1+ 37. Bf1 Bd4 38. Re7 1/2-1/2

[Event "1MCRE_F"]
[Site "?"]
[Date "2001.??.??"]
[Round "?"]
[White "Geryk, Miroslav"]
[Black "Doudera, Lubomir"]
[Result "0-1"]
[WhiteElo "2225"]
[BlackElo "2260"]
[PlyCount "76"]
[EventDate "2001.??.??"]
[EventType "corr"]

1. e4 d5 2. exd5 Qxd5 3. Nc3 Qa5 4. d4 Nf6 5. Bc4 Bg4 6. f3 Bf5 7. Nge2 e6 8.
Bd2 Qb6 9. g4 Bg6 10. h4 h6 11. a4 a6 12. Bb3 Nc6 13. a5 Qa7 14. Be3 e5 15. h5
Bh7 16. dxe5 Qxe3 17. exf6 Bc5 18. Rf1 Qg5 19. Bxf7+ Kxf7 20. Qd7+ Kg8 21. Ne4
Bxe4 22. Qe6+ Kh7 23. Qxe4+ Kg8 24. Rd1 Qh4+ 25. Kd2 Bd6 26. Qe6+ Kf8 27. fxg7+
Kxg7 28. Qg6+ Kf8 29. f4 Re8 30. g5 Ke7 31. Rde1 Kd8 32. Kd1 hxg5 33. Rh1 Qf2
34. Qxg5+ Kc8 35. h6 Qe3 36. Qg4+ Kb8 37. Nc1 Qd4+ 38. Nd3 Nb4 0-1

[Event "1MCRE_F"]
[Site "?"]
[Date "2001.??.??"]
[Round "?"]
[White "Geryk, Miroslav"]
[Black "Ryska, Jiri"]
[Result "1-0"]
[WhiteElo "2225"]
[BlackElo "2210"]
[PlyCount "91"]
[EventDate "2001.??.??"]
[EventType "corr"]

1. e4 d5 2. exd5 Nf6 3. d4 Nxd5 4. Nf3 Bg4 5. h3 Bf5 6. Bd3 Bxd3 7. Qxd3 c6 8.
O-O Nd7 9. Re1 e6 10. c4 N5f6 11. Bf4 Be7 12. Nc3 Qb6 13. d5 Nc5 14. Qe3 cxd5
15. Nxd5 Nxd5 16. cxd5 O-O 17. Rac1 Rac8 18. Red1 Bf6 19. b4 Na6 20. Qxb6 axb6
21. dxe6 fxe6 22. a3 Rxc1 23. Bxc1 Rc8 24. g4 b5 25. Kf1 h6 26. h4 Rc3 27. Kg2
Rc4 28. g5 hxg5 29. hxg5 Bc3 30. g6 Bf6 31. Ne5 Rc2 32. Bf4 Nc7 33. Rd7 Nd5 34.
Bg3 Rc7 35. Rd6 Be7 36. Rxe6 Kf8 37. Kf3 Rc3+ 38. Ke4 Nf6+ 39. Kf5 Rxa3 40. Rb6
Bxb4 41. Rxb5 Bc3 42. Rxb7 Ra5 43. Rf7+ Kg8 44. Rc7 Bb4 45. Rc8+ Bf8 46. Ke6
1-0

[Event "1MCRE_F"]
[Site "?"]
[Date "2001.??.??"]
[Round "?"]
[White "Zpevakova, Katerina"]
[Black "Pfeifer, Miroslav"]
[Result "1-0"]
[WhiteElo "2325"]
[BlackElo "2310"]
[PlyCount "67"]
[EventDate "2001.??.??"]
[EventType "corr"]

1. d4 d5 2. c4 Nc6 3. Nc3 Nf6 4. cxd5 Nxd5 5. Nf3 Bg4 6. e4 Bxf3 7. gxf3 Nxc3
8. bxc3 e5 9. d5 Nb8 10. Rb1 Nd7 11. Rxb7 Bd6 12. Rg1 Nc5 13. Rb1 Kf8 14. Bg5
Qc8 15. Be3 Rb8 16. Rxb8 Qxb8 17. Qc2 Qb6 18. Bc4 g6 19. Ke2 Kg7 20. Rb1 Qa5
21. Rb5 Qa3 22. Bc1 Qa4 23. Qxa4 Nxa4 24. Bd2 Nb6 25. Bd3 c6 26. dxc6 Rc8 27.
Ra5 Rc7 28. Bb5 f5 29. Bg5 Rf7 30. Ba6 Bc7 31. Be3 f4 32. Bc1 h6 33. Bb7 Bb8
34. Kd3 1-0

[Event "1MCRE_F"]
[Site "?"]
[Date "2001.??.??"]
[Round "?"]
[White "Vrkoc, David"]
[Black "Pytlik, Lesek"]
[Result "1/2-1/2"]
[WhiteElo "2335"]
[BlackElo "2260"]
[PlyCount "66"]
[EventDate "2001.??.??"]
[EventType "corr"]

1. e4 d5 2. exd5 Nf6 3. d4 Nxd5 4. c4 Nb6 5. Nf3 g6 6. Nc3 Bg7 7. Be3 Nc6 8. h3
e5 9. d5 Ne7 10. Qd2 Nf5 11. O-O-O O-O 12. g4 Nxe3 13. Qxe3 f5 14. gxf5 Rxf5
15. h4 Qf8 16. Ng5 Rxf2 17. c5 Bg4 18. Re1 Nd7 19. d6 Kh8 20. Bc4 Rf4 21. Rhf1
cxd6 22. Nf7+ Rxf7 23. Rxf7 Qd8 24. h5 Nxc5 25. Ref1 gxh5 26. Kb1 Ne6 27. Ka1
Nf4 28. Qe4 b5 29. Bb3 Ne6 30. Rd7 Qxd7 31. Qxa8+ Qd8 32. Qxa7 b4 33. Nd5 Nd4
1/2-1/2

[Event "1MCRE_F"]
[Site "?"]
[Date "2001.??.??"]
[Round "?"]
[White "Ryska, Jiri"]
[Black "Lounek, Jan"]
[Result "0-1"]
[WhiteElo "2210"]
[BlackElo "2245"]
[PlyCount "120"]
[EventDate "2001.??.??"]
[EventType "corr"]

1. e4 e5 2. Nf3 Nc6 3. Bc4 Nf6 4. d3 Bc5 5. Nc3 d6 6. Na4 Bb6 7. Nxb6 axb6 8.
Bg5 h6 9. Bh4 Na5 10. Nd2 Nxc4 11. Nxc4 Be6 12. Na3 c6 13. Qf3 g5 14. Bg3 b5
15. h3 Rg8 16. c3 Ra4 17. Qe2 Qa5 18. O-O g4 19. h4 Nh5 20. Qd2 Rg6 21. Kh2 Kf8
22. Rfd1 Kg8 23. d4 b4 24. cxb4 Qxb4 25. Nc2 Qxd2 26. Rxd2 Nf6 27. f3 gxf3 28.
gxf3 Nh5 29. Bf2 Rxa2 30. Rxa2 Bxa2 31. dxe5 dxe5 32. Bb6 Rg7 33. Ne3 Be6 34.
b4 Kh7 35. Rg2 f6 36. Rxg7+ Kxg7 37. Ng2 Kg6 38. Bc7 Bc4 39. Bd6 Be2 40. Ne1 b6
41. Kg1 Nf4 42. Kf2 Bb5 43. Ng2 Nd3+ 44. Ke3 c5 45. bxc5 Nxc5 46. Bc7 Bf1 47.
Ne1 b5 48. Bd6 Ne6 49. Kf2 Bc4 50. Ng2 Nd4 51. f4 Nc6 52. fxe5 fxe5 53. Ne3 Kf6
54. Nf5 Be6 55. Nxh6 b4 56. Ke3 b3 57. Kd3 Na5 58. Kc3 Nc4 59. Bc7 b2 60. Kc2
Bh3 0-1

[Event "1MCRE_F"]
[Site "?"]
[Date "2001.??.??"]
[Round "?"]
[White "Nemec, Jaroslav"]
[Black "Geryk, Miroslav"]
[Result "1-0"]
[WhiteElo "2340"]
[BlackElo "2225"]
[PlyCount "92"]
[EventDate "2001.??.??"]
[EventType "corr"]

1. e4 c5 2. Nf3 d6 3. d4 cxd4 4. Nxd4 Nf6 5. Nc3 a6 6. Be3 Ng4 7. Bg5 h6 8. Bh4
g5 9. Bg3 Bg7 10. Qd2 Nc6 11. Nb3 Be6 12. h4 gxh4 13. Bxh4 Rc8 14. f3 Nge5 15.
Bf2 Bc4 16. Nd5 Bxf1 17. Kxf1 Nc4 18. Qe2 b5 19. c3 Rg8 20. a4 e6 21. Ne3 N6e5
22. axb5 axb5 23. Nd4 b4 24. Nxc4 Nxc4 25. cxb4 Qg5 26. g4 Qf4 27. Nc6 Bxb2 28.
Ra6 Bc1 29. Rh3 d5 30. exd5 Ne3+ 31. Bxe3 Bxe3 32. Kg2 exd5 33. Ra3 Kd7 34. Rh5
Rg5 35. Rxe3 Rxh5 36. Ne5+ Rxe5 37. Rxe5 Kd6 38. Rf5 Qd4 39. Rxf7 Rc7 40. Qa6+
Rc6 41. Qb5 Ke6 42. Rf8 Qc4 43. Re8+ Kf7 44. Qb8 Qa2+ 45. Kg3 Qa1 46. Qb7+ Kxe8
1-0

[Event "1MCRE_F"]
[Site "?"]
[Date "2001.??.??"]
[Round "?"]
[White "Alexa, Jaroslav"]
[Black "Hybl, Vladislav"]
[Result "1-0"]
[WhiteElo "2380"]
[BlackElo "2305"]
[PlyCount "79"]
[EventDate "2001.??.??"]
[EventType "corr"]

1. e4 e5 2. Nf3 Nc6 3. d4 exd4 4. Nxd4 Nf6 5. Nxc6 bxc6 6. e5 Qe7 7. Qe2 Nd5 8.
c4 Ba6 9. g3 g6 10. b3 Bg7 11. Bb2 O-O 12. Bg2 Rae8 13. O-O Nb6 14. Re1 f6 15.
Qe3 Qe6 16. Ba3 Rf7 17. Nc3 fxe5 18. Rad1 Qf5 19. c5 Nc8 20. Ne4 Ref8 21. Qd2
h6 22. f3 Kh8 23. Qa5 Bb7 24. Rd2 Qe6 25. Bf1 Re7 26. Bc4 Qf5 27. Rd3 Qh3 28.
Red1 g5 29. Qd2 Qh5 30. g4 Qg6 31. Rxd7 Rxf3 32. Ng3 Rf8 33. Nf5 Bf6 34. Nxe7
Nxe7 35. Qe2 Bc8 36. Rxc7 Nd5 37. Bxd5 cxd5 38. c6 Re8 39. Rxd5 Be6 40. Rd6 1-0

[Event "1MCRE_F"]
[Site "?"]
[Date "2001.??.??"]
[Round "?"]
[White "Hybl, Vladislav"]
[Black "Zpevakova, Katerina"]
[Result "1-0"]
[WhiteElo "2305"]
[BlackElo "2325"]
[PlyCount "79"]
[EventDate "2001.??.??"]
[EventType "corr"]

1. e4 c5 2. Nf3 e6 3. d4 cxd4 4. Nxd4 a6 5. Bd3 Nf6 6. O-O d6 7. c4 Be7 8. Nc3
O-O 9. Qe2 b6 10. f4 Bb7 11. b3 Nc6 12. Nxc6 Bxc6 13. Bb2 Qc7 14. Rad1 b5 15.
Kh1 b4 16. Nb1 Nd7 17. Nd2 Nc5 18. Bc2 Rfe8 19. e5 dxe5 20. fxe5 Bf8 21. Nf3 h6
22. Nd4 Bb7 23. a3 bxa3 24. Bxa3 g6 25. Qg4 Re7 26. Qf4 Bg7 27. b4 Bxe5 28. Qh4
g5 29. Qxh6 Ne4 30. Bxe4 Bxe4 31. Qxg5+ Bg7 32. Bb2 f5 33. Nf3 e5 34. Nh4 Rae8
35. Nxf5 Bxf5 36. Rxf5 Qxc4 37. Rdf1 Qc6 38. h4 Qh6 39. Qg4 Qd6 40. h5 1-0

[Event "1MCRE_F"]
[Site "?"]
[Date "2001.??.??"]
[Round "?"]
[White "Pfeifer, Miroslav"]
[Black "Nemec, Jaroslav"]
[Result "0-1"]
[WhiteElo "2310"]
[BlackElo "2340"]
[PlyCount "88"]
[EventDate "2001.??.??"]
[EventType "corr"]

1. e4 c5 2. f4 e6 3. Nf3 d5 4. exd5 exd5 5. Bb5+ Bd7 6. Qe2+ Qe7 7. Ne5 a6 8.
Bxd7+ Nxd7 9. O-O Qe6 10. Nc3 Bd6 11. Nxd7 Qxe2 12. Nxe2 Kxd7 13. d3 Re8 14.
Ng3 g6 15. f5 Bxg3 16. hxg3 Ne7 17. fxg6 fxg6 18. g4 Nc6 19. Rf7+ Re7 20. Rxe7+
Nxe7 21. Bd2 Re8 22. Kf2 Nc6 23. Rh1 Re7 24. a4 b5 25. axb5 axb5 26. Ra1 d4 27.
Ra6 Rf7+ 28. Ke1 Kc7 29. Ra8 Kd6 30. Ra6 Kd5 31. g5 c4 32. Ke2 Ra7 33. Rxa7
Nxa7 34. Bf4 Nc6 35. Kd2 Nd8 36. Ke2 Ne6 37. Bc1 Nc5 38. Bd2 cxd3+ 39. cxd3 Ke5
40. b4 Ne6 41. Kf3 Nd8 42. Bf4+ Kd5 43. Bd2 Nc6 44. Be1 Ne5+ 0-1